Mentoring výchova k profesionálnímu dobrovolnictví

Salvato in:
Dettagli Bibliografici
Autore principale: Brumovská, Tereza
Altri autori: Seidlová Málková, Gabriela
Natura: Libro
Lingua:ceco
Pubblicazione: Praha Portál 2010
Edizione:1. vydání
Soggetti:
Tags: Aggiungi Tag
Nessun Tag, puoi essere il primo ad aggiungerne!!

MARC

LEADER 00000nam a2200000 4500
001 0242959
005 20230109114655.5
020 |a 978-80-7367-772-5 
041 0 |a cze 
044 |a CZ 
245 1 0 |a Mentoring  |b výchova k profesionálnímu dobrovolnictví  |c Tereza Brumovská, Gabriela Seidlová Málková 
250 |a 1. vydání 
264 1 |a Praha  |b Portál  |c 2010 
300 |a 150 s. 
610 2 0 |a dobrovoľníctvo 
610 2 0 |a výchova 
610 2 0 |a vývoj 
610 2 0 |a zručnosti sociálne 
610 2 0 |a dospelí 
610 2 0 |a deti 
610 2 0 |a vzťahy medziľudské 
610 2 0 |a riziko 
610 2 0 |a etika 
610 2 0 |a prognózy 
610 2 0 |a mentoring 
610 2 0 |a Česko 
100 1 |a Brumovská, Tereza 
700 1 |a Seidlová Málková, Gabriela